[Event "Women's Speed Chess Q2"]
[Site "chess.com INT"]
[Date "2021.05.29"]
[Round "2"]
[White "Golubeva, Oksana"]
[Black "Soumya, Swaminathan"]
[Result "1-0"]
[WhiteTitle "WFM"]
[BlackTitle "IM"]
[WhiteElo "2179"]
[BlackElo "2351"]
[WhiteFideId "4170164"]
[BlackFideId "5016193"]
[EventDate "2021.05.29"]

1. Nf3 Nf6 2. e3 g6 3. b3 Bg7 4. Bb2 O-O 5. g3 d6 6. Bg2 e5 7. d4 Nbd7 8. dxe5
dxe5 9. O-O Qe7 10. Ba3 Nc5 11. Nc3 Bg4 12. Qe1 Rad8 13. Na4 Nfd7 14. Nd2 b6 15.
Ne4 Rfe8 16. Nexc5 Nxc5 17. Nxc5 bxc5 18. f3 Be6 19. e4 Rd4 20. Qc3 Qd7 21. Bxc5
Rd2 22. Rf2 Rxf2 23. Bxf2 Rd8 24. Bf1 a5 25. Qxa5 f5 26. Be2 fxe4 27. fxe4 Qd2
28. Qxd2 Rxd2 29. Bd3 Bg4 30. Be1 Rxd3 31. cxd3 Be2 32. Rc1 Bxd3 33. Rxc7 Bxe4
34. Bc3 1-0

[Event "Women's Speed Chess Q2"]
[Site "chess.com INT"]
[Date "2021.05.29"]
[Round "2"]
[White "Kiran, Manisha Mohanty"]
[Black "Nandhidhaa, P V"]
[Result "0-1"]
[WhiteTitle "WGM"]
[BlackTitle "WGM"]
[WhiteElo "2168"]
[BlackElo "2365"]
[WhiteFideId "5019575"]
[BlackFideId "5050847"]
[EventDate "2021.05.29"]

1. e4 c5 2. Nf3 Nc6 3. d4 cxd4 4. Nxd4 Nf6 5. Nc3 d6 6. Bc4 e6 7. O-O a6 8. Bb3
Be7 9. Kh1 O-O 10. f4 Nxd4 11. Qxd4 b5 12. a4 Bb7 13. f5 e5 14. Qd3 b4 15. Nd5
Nxd5 16. Bxd5 Bxd5 17. Qxd5 Rc8 18. Qd3 Qc7 19. Rf2 Qc4 20. Qf3 Rfd8 21. b3 Qd4
22. Rb1 Rc3 23. Qe2 Qc5 24. g4 Rc8 25. Rb2 d5 26. g5 dxe4 27. f6 Bf8 28. fxg7
Bxg7 29. Qxe4 Qxf2 0-1

[Event "Women's Speed Chess Q2"]
[Site "chess.com INT"]
[Date "2021.05.29"]
[Round "2"]
[White "Mrudul, Dehankar"]
[Black "Dordzhieva, Dinara"]
[Result "1-0"]
[WhiteTitle "WIM"]
[BlackTitle "WGM"]
[WhiteElo "2256"]
[BlackElo "2334"]
[WhiteFideId "25096990"]
[BlackFideId "24157570"]
[EventDate "2021.05.29"]

1. e4 c5 2. Nf3 d6 3. d4 cxd4 4. Nxd4 Nf6 5. Nc3 a6 6. Bg5 Nbd7 7. f4 Qc7 8. Qf3
e6 9. O-O-O b5 10. e5 Bb7 11. Qh3 dxe5 12. Nxe6 fxe6 13. Qxe6+ Be7 14. Bxb5 axb5
15. Nxb5 Qc6 16. Nd6+ Kd8 17. fxe5 Nd5 18. Bxe7+ Nxe7 19. Rhf1 Rc8 20. c3 Re8
21. Rf7 Kc7 22. Rxe7 Rxe7 23. Qxe7 Ra8 24. Nxb7 Rxa2 25. Qd8+ Kxb7 26. Rxd7+ Ka6
27. Rd6 1-0

[Event "Women's Speed Chess Q2"]
[Site "chess.com INT"]
[Date "2021.05.29"]
[Round "2"]
[White "Sviridova, Vlada"]
[Black "Frattini, Beatriz Maria"]
[Result "1-0"]
[WhiteTitle "WFM"]
[BlackTitle "WCM"]
[WhiteElo "2144"]
[BlackElo "1854"]
[WhiteFideId "24109606"]
[BlackFideId "22715002"]
[EventDate "2021.05.29"]

1. d4 Nf6 2. c4 g6 3. Nc3 d5 4. cxd5 Nxd5 5. e4 Nxc3 6. bxc3 Bg7 7. Bc4 c5 8.
Ne2 Nc6 9. Be3 O-O 10. O-O b6 11. Rc1 Qc7 12. Qd2 Rd8 13. Bf4 Be5 14. Bxe5 Nxe5
15. Bb3 Ba6 16. Bd5 Bxe2 17. Qxe2 Nc6 18. Qf3 e6 19. Bxc6 Qxc6 20. Rfd1 Rac8 21.
d5 Qd6 22. c4 a6 23. Rb1 Rb8 24. h4 exd5 25. Rxd5 Qe6 26. Qf4 h5 27. Rbd1 Rxd5
28. Qxb8+ Kg7 29. exd5 Qe2 30. Rf1 Qxc4 31. d6 Qxh4 32. Qxb6 Qd4 33. Qc7 c4 34.
d7 c3 35. d8=Q 1-0

[Event "Women's Speed Chess Q2"]
[Site "chess.com INT"]
[Date "2021.05.29"]
[Round "2"]
[White "Gu, Xiaobing"]
[Black "Rakshitta, Ravi"]
[Result "0-1"]
[WhiteTitle "WGM"]
[BlackTitle "WIM"]
[WhiteElo "2263"]
[BlackElo "2190"]
[WhiteFideId "8602611"]
[BlackFideId "25073230"]
[EventDate "2021.05.29"]

1. e4 e5 2. Nf3 Nc6 3. Bc4 Bc5 4. c3 Nf6 5. d4 exd4 6. e5 d5 7. Bb5 Ne4 8. cxd4
Bb6 9. Be3 O-O 10. Nc3 Bg4 11. Qc2 f5 12. Nxd5 Ba5+ 13. Ke2 Kh8 14. Qb3 Bb6 15.
Rhd1 Na5 16. Qa4 Qxd5 17. Rac1 f4 18. b4 fxe3 19. bxa5 Nxf2 20. axb6 Bxf3+ 21.
Ke1 Bxd1 22. Rxd1 Qxg2 23. bxc7 Nd3+ 24. Bxd3 Qf2# 0-1

[Event "Women's Speed Chess Q2"]
[Site "chess.com INT"]
[Date "2021.05.29"]
[Round "2"]
[White "Eswaran, Aksithi"]
[Black "Bodnaruk, Anastasia"]
[Result "0-1"]
[WhiteTitle "WCM"]
[BlackTitle "IM"]
[WhiteElo "1745"]
[BlackElo "2457"]
[WhiteFideId "2083485"]
[BlackFideId "4181751"]
[EventDate "2021.05.29"]

1. e4 c5 2. Nf3 d6 3. d4 cxd4 4. Nxd4 Nf6 5. Nc3 a6 6. f3 e5 7. Nb3 Be7 8. Be3
O-O 9. Qd2 Be6 10. O-O-O a5 11. Kb1 a4 12. Nc1 a3 13. b3 Nc6 14. g4 Nb4 15. h4
Rc8 16. h5 h6 17. Nd3 d5 18. Nxe5 dxe4 19. Qxd8 Rfxd8 20. Rxd8+ Bxd8 21. Bd4
exf3 22. Nxf3 Nxg4 23. Rg1 f5 24. Bh3 Nc6 25. Rd1 Bf7 26. Bxg4 fxg4 27. Ne5 Nxd4
28. Rxd4 Bf6 0-1

[Event "Women's Speed Chess Q2"]
[Site "chess.com INT"]
[Date "2021.05.29"]
[Round "2"]
[White "Mohota, Nisha"]
[Black "Ribeiro, Regina"]
[Result "1-0"]
[WhiteTitle "IM"]
[BlackTitle "WIM"]
[WhiteElo "2195"]
[BlackElo "1920"]
[WhiteFideId "5004330"]
[BlackFideId "2100681"]
[EventDate "2021.05.29"]

1. b3 d5 2. Bb2 c5 3. e3 Nc6 4. f4 Nf6 5. Nf3 Bg4 6. Bb5 e6 7. Bxc6+ bxc6 8. O-O
Be7 9. d3 a5 10. Nbd2 a4 11. Qe1 O-O 12. Ne5 Qc7 13. Qg3 Bh5 14. f5 exf5 15.
Rxf5 Rfe8 16. Raf1 Bg6 17. Nxg6 Qxg3 18. Nxe7+ Rxe7 19. hxg3 Rxe3 20. Bxf6 gxf6
21. Rxf6 Re2 22. R1f2 Re1+ 23. Kh2 axb3 24. axb3 Raa1 25. g4 Rac1 26. Nf3 Rh1+
27. Kg3 h5 28. gxh5 Rxh5 29. Rxc6 d4 30. Rf6 Kg7 31. Rf4 1-0

[Event "Women's Speed Chess Q2"]
[Site "chess.com INT"]
[Date "2021.05.29"]
[Round "2"]
[White "Vargas, Gabriela"]
[Black "Vine, Elzbieta"]
[Result "1-0"]
[WhiteTitle "WIM"]
[BlackTitle "WFM"]
[WhiteElo "2170"]
[BlackElo "2138"]
[WhiteFideId "3700860"]
[BlackFideId "1119320"]
[EventDate "2021.05.29"]

1. d4 d5 2. Nf3 Bg4 3. Ne5 Bf5 4. e3 f6 5. Nf3 Nc6 6. c4 e6 7. Qb3 Qd7 8. Be2
O-O-O 9. Nc3 g5 10. cxd5 exd5 11. Bd2 g4 12. Nh4 Be6 13. Rc1 Nh6 14. Na4 Nf5 15.
Nxf5 Bxf5 16. Bb5 Bd6 17. Qxd5 Be6 18. Bxc6 Bxd5 19. Bxd7+ Kxd7 20. O-O h5 21.
Nc5+ Kc8 22. f3 gxf3 23. gxf3 Rhg8+ 24. Kh1 Rg7 25. e4 Bxa2 26. d5 a6 27. Ne6
Rg6 28. Nxd8 Kxd8 29. Rg1 Rxg1+ 30. Rxg1 Bb3 31. Rg6 1-0

[Event "Women's Speed Chess Q2"]
[Site "chess.com INT"]
[Date "2021.05.29"]
[Round "2"]
[White "Pourkashiyan, Atousa"]
[Black "Froewis, Annika"]
[Result "1-0"]
[WhiteTitle "WGM"]
[BlackTitle "WFM"]
[WhiteElo "2322"]
[BlackElo "2143"]
[WhiteFideId "12502014"]
[BlackFideId "1621432"]
[EventDate "2021.05.29"]

1. e4 e5 2. Nf3 Nc6 3. Bb5 a6 4. Ba4 Nf6 5. O-O b5 6. Bb3 Bc5 7. c3 d6 8. d4 Bb6
9. h3 O-O 10. Re1 h6 11. a3 Bb7 12. Bc2 Re8 13. Qd3 Na5 14. Nbd2 c5 15. d5 c4
16. Qe2 Rc8 17. Nf1 Ba8 18. Ng3 Nb7 19. Nf5 Nc5 20. Nh2 Qd7 21. Ng4 Nfxe4 22.
Bxe4 Nxe4 23. Qxe4 Bxd5 24. Nfxh6+ gxh6 25. Qxd5 Qe6 26. Nxh6+ Kf8 27. Qe4 Ke7
28. Nf5+ Kd7 29. Ng7 1-0

[Event "Women's Speed Chess Q2"]
[Site "chess.com INT"]
[Date "2021.05.29"]
[Round "2"]
[White "Varney, Zoe"]
[Black "Klinova, Masha"]
[Result "0-1"]
[WhiteTitle "WCM"]
[BlackTitle "IM"]
[WhiteElo "1917"]
[BlackElo "2275"]
[WhiteFideId "436135"]
[BlackFideId "2802015"]
[EventDate "2021.05.29"]

1. e4 d6 2. d4 Nf6 3. Nc3 g6 4. Be3 a6 5. f3 b5 6. Qd2 Nbd7 7. O-O-O Bb7 8. g4
Nb6 9. h4 h5 10. Be2 Bg7 11. Nh3 e6 12. g5 Nfd7 13. a3 O-O 14. f4 c5 15. Rhf1 b4
16. Nb1 bxa3 17. Nxa3 Bxe4 18. dxc5 Nd5 19. cxd6 Rc8 20. Bxa6 Rc6 21. Bb5 Rxd6
22. c4 Qc7 23. Bxd7 Rxd7 24. Bd4 Rfd8 25. Bxg7 Nb6 26. Qc3 Rd3 27. Rxd3 Rxd3 28.
Qf6 Nxc4 0-1

[Event "Women's Speed Chess Q2"]
[Site "chess.com INT"]
[Date "2021.05.29"]
[Round "2"]
[White "Balabayeva, Xeniya"]
[Black "Nguyen, Thi Mai Hung"]
[Result "0-1"]
[WhiteTitle "WFM"]
[BlackTitle "WGM"]
[WhiteElo "2178"]
[BlackElo "2254"]
[WhiteFideId "13719688"]
[BlackFideId "12401676"]
[EventDate "2021.05.29"]

1. e4 e6 2. d4 d5 3. Nd2 Be7 4. Ngf3 Nf6 5. e5 Nfd7 6. Bd3 c5 7. c3 b6 8. O-O
Ba6 9. Bxa6 Nxa6 10. Re1 O-O 11. Nf1 Qc7 12. Bf4 Rac8 13. Rc1 cxd4 14. Nxd4 Nac5
15. Ng3 a5 16. Qf3 f6 17. exf6 Bd6 18. Bxd6 Qxd6 19. Qg4 Nxf6 20. Qh4 Rce8 21.
Re3 Nce4 22. Nxe4 Nxe4 23. f3 Nc5 24. Rce1 e5 25. Qg3 Nd7 26. Nb3 Re6 27. Nc1
Rg6 28. Qf2 e4 29. Ne2 Ne5 30. Ng3 Nd3 31. Rxd3 exd3 32. Qd4 Qc5 33. Qxc5 bxc5
34. Rd1 c4 35. Kf2 Rb8 36. Re1 Rxb2+ 37. Kf1 Rxa2 38. Nf5 Rgxg2 39. Re8+ Kf7 40.
Nd6+ Kf6 0-1

[Event "Women's Speed Chess Q2"]
[Site "chess.com INT"]
[Date "2021.05.29"]
[Round "2"]
[White "Kiolbasa, Oliwia"]
[Black "Vantika, Agrawal"]
[Result "0-1"]
[WhiteTitle "WIM"]
[BlackTitle "WIM"]
[WhiteElo "2255"]
[BlackElo "2286"]
[WhiteFideId "1154613"]
[BlackFideId "25050389"]
[EventDate "2021.05.29"]

1. e4 c5 2. Nf3 d6 3. d4 cxd4 4. Nxd4 Nf6 5. Nc3 a6 6. Be3 e5 7. Nb3 Be6 8. Qd2
Nbd7 9. O-O-O b5 10. f4 Qc7 11. Kb1 Be7 12. h3 b4 13. Nd5 Bxd5 14. exd5 a5 15.
Bb5 O-O 16. g4 a4 17. Nc1 a3 18. Bxd7 axb2 19. Kxb2 Qxd7 20. fxe5 Ne4 21. Qd3
Nc3 22. Rdf1 dxe5 23. g5 e4 24. Qc4 Rfc8 25. Qb3 Bd6 26. Bd4 Nb5 27. Rd1 Nxd4
28. Rxd4 Rc3 0-1

[Event "Women's Speed Chess Q2"]
[Site "chess.com INT"]
[Date "2021.05.29"]
[Round "2"]
[White "Komiagina, Maria"]
[Black "Nomin-Erdene, Davaademberel"]
[Result "1/2-1/2"]
[WhiteTitle "WIM"]
[BlackTitle "IM"]
[WhiteElo "2241"]
[BlackElo "2382"]
[WhiteFideId "4153987"]
[BlackFideId "4900782"]
[EventDate "2021.05.29"]

1. e4 c6 2. d4 d5 3. e5 Bf5 4. h4 h5 5. Bd3 Bxd3 6. Qxd3 e6 7. Bg5 Qa5+ 8. Nd2
Qa6 9. c4 Ne7 10. Ne2 Nd7 11. O-O Nf5 12. b3 c5 13. Nf3 Nb6 14. Rac1 Rc8 15. Rc2
Be7 16. Bxe7 Kxe7 17. Rd1 Rhd8 18. Qd2 dxc4 19. Qg5+ f6 20. exf6+ gxf6 21. Qxh5
cxb3 22. axb3 cxd4 23. Qh7+ Kf8 24. Rxc8 Rxc8 25. Nexd4 Nxd4 26. Nxd4 Re8 27.
Qh8+ Kf7 28. Qh7+ Kf8 29. Qh8+ Kf7 30. Qh7+ Kf8 1/2-1/2

[Event "Women's Speed Chess Q2"]
[Site "chess.com INT"]
[Date "2021.05.29"]
[Round "2"]
[White "Farhat Willemstein, Stela Souza"]
[Black "Zakirova, Aisha"]
[Result "0-1"]
[WhiteTitle "WFM"]
[BlackTitle "WCM"]
[WhiteElo "1758"]
[BlackElo "1585"]
[WhiteFideId "2109808"]
[BlackFideId "13719734"]
[EventDate "2021.05.29"]

1. e4 c5 2. Nf3 d6 3. d4 cxd4 4. Nxd4 Nf6 5. Nc3 Nc6 6. f3 e5 7. Ndb5 a6 8. Na3
b5 9. Bg5 b4 10. Nd5 bxa3 11. bxa3 Be7 12. Nxe7 Qxe7 13. Bc4 O-O 14. Bd5 Bb7 15.
O-O h6 16. Bh4 Rab8 17. Rb1 Ba8 18. Qd3 Qa7+ 19. Bf2 Qc7 20. Qxa6 Nxd5 21. exd5
Nd4 22. Bxd4 exd4 23. Rxb8 Rxb8 24. Qd3 Bxd5 25. Ra1 Qc3 26. Qxc3 dxc3 27. Kf2
Rb2 28. Rc1 Rxa2 29. Ke2 Bc4+ 30. Ke3 Rxa3 31. Kd4 d5 32. f4 Ra4 33. g3 Ra8 34.
Kxc3 Re8 35. Rh1 Re2 36. Kb2 Bd3 37. Kc3 Bxc2 38. Kd4 Be4 39. h4 Bxh1 0-1

[Event "Women's Speed Chess Q2"]
[Site "chess.com INT"]
[Date "2021.05.29"]
[Round "2"]
[White "Ortez, Andrea"]
[Black "Dauletova, Gulmira"]
[Result "0-1"]
[WhiteTitle "WIM"]
[BlackTitle "WGM"]
[WhiteElo "1969"]
[BlackElo "2285"]
[WhiteFideId "6702392"]
[BlackFideId "13702971"]
[EventDate "2021.05.29"]

1. e4 e5 2. Nf3 Nc6 3. Bb5 a6 4. Ba4 Nf6 5. Qe2 b5 6. Bb3 Be7 7. c3 d6 8. O-O
O-O 9. Rd1 Na5 10. Bc2 c5 11. d3 Re8 12. Nbd2 Bf8 13. Nf1 d5 14. Bg5 d4 15. Ng3
h6 16. Bxf6 Qxf6 17. h3 g6 18. a4 Bd7 19. axb5 axb5 20. Ra2 Be6 21. Raa1 Nb3 22.
Bxb3 Bxb3 23. Rdc1 h5 24. h4 Bh6 25. Re1 c4 26. Nf1 Qd6 27. N1d2 dxc3 28. Nxb3
cxd3 29. Qf1 d2 30. Nbxd2 cxd2 31. Red1 Rxa1 32. Rxa1 Qb4 33. Qe2 Qxb2 34. Rd1
Rd8 0-1

[Event "Women's Speed Chess Q2"]
[Site "chess.com INT"]
[Date "2021.05.29"]
[Round "2"]
[White "Antolak, Julia"]
[Black "Narva, Mai"]
[Result "1-0"]
[WhiteTitle "WIM"]
[BlackTitle "WIM"]
[WhiteElo "2306"]
[BlackElo "2276"]
[WhiteFideId "1159569"]
[BlackFideId "4500512"]
[EventDate "2021.05.29"]

1. e4 c5 2. Nf3 d6 3. d4 cxd4 4. Nxd4 Nf6 5. Nc3 g6 6. Be3 Bg7 7. f3 O-O 8. Qd2
Nc6 9. O-O-O d5 10. Nxc6 bxc6 11. Bh6 Qa5 12. Bxg7 Kxg7 13. e5 Nd7 14. h4 h5 15.
g4 Rh8 16. Qd4 Qc5 17. Qf4 Rb8 18. Rd4 Qb6 19. Nd1 Qc7 20. e6 Qxf4+ 21. Rxf4
fxe6 22. Bd3 e5 23. Ra4 Rb7 24. gxh5 Rxh5 25. Rg1 Nc5 26. Bxg6 Rh6 27. Bf5+ Kf6
28. Bxc8 Rc7 29. Ra5 Rxc8 30. Rxc5 Rxh4 31. Ne3 Rf4 32. Nxd5+ cxd5 33. Rxc8 1-0

[Event "Women's Speed Chess Q2"]
[Site "chess.com INT"]
[Date "2021.05.29"]
[Round "2"]
[White "Arabidze, Meri"]
[Black "Nurmanova, Alua"]
[Result "1-0"]
[WhiteTitle "IM"]
[BlackTitle "WFM"]
[WhiteElo "2436"]
[BlackElo "2008"]
[WhiteFideId "13604040"]
[BlackFideId "13729390"]
[EventDate "2021.05.29"]

1. Nf3 Nf6 2. d4 g6 3. c4 Bg7 4. g3 O-O 5. Bg2 d5 6. cxd5 Nxd5 7. O-O Nb6 8. Nc3
Nc6 9. d5 Na5 10. Qc2 c6 11. dxc6 Nxc6 12. Rd1 Qe8 13. Qe4 Bf5 14. Qh4 e5 15.
Bh6 f6 16. Bxg7 Kxg7 17. g4 Be6 18. Ne4 g5 19. Qg3 Qg6 20. Nd6 Qc2 21. Rd2 Qa4
22. Nxb7 e4 23. b3 Qb5 24. Nd6 Qb4 25. Nxe4 Nd5 26. Rad1 Rfd8 27. Nd4 Nxd4 28.
Rxd4 Nf4 29. Rxb4 Rxd1+ 30. Bf1 Nxe2+ 31. Kg2 Nxg3 32. hxg3 Bd5 33. Be2 Re1 34.
Bf3 Re8 35. Nxg5 Bxf3+ 36. Nxf3 Ra1 37. Rb7+ Kh6 38. Rxa7 Re2 39. Nd4 Rexa2 40.
Nf5+ Kg6 41. Rg7# 1-0

[Event "Women's Speed Chess Q2"]
[Site "chess.com INT"]
[Date "2021.05.29"]
[Round "2"]
[White "Ambartsumova, Karina"]
[Black "Nikolova, Adriana"]
[Result "1-0"]
[WhiteTitle "IM"]
[BlackTitle "WGM"]
[WhiteElo "2382"]
[BlackElo "2243"]
[WhiteFideId "4166299"]
[BlackFideId "2908689"]
[EventDate "2021.05.29"]

1. c4 e5 2. Nc3 Nf6 3. Nf3 Nc6 4. a3 d5 5. cxd5 Nxd5 6. Qc2 Be7 7. e4 Nb6 8. Bb5
Qd6 9. Bxc6+ bxc6 10. h3 Be6 11. d3 Rd8 12. O-O O-O 13. Rd1 c5 14. Be3 f6 15.
Rac1 Nd7 16. Na4 Rb8 17. Nxc5 Nxc5 18. Bxc5 Qxc5 19. Qxc5 Bxc5 20. Rxc5 Rxb2 21.
Rxc7 a5 22. Ra7 a4 23. Rc1 Bb3 24. Rcc7 Rf7 25. Rxf7 Bxf7 26. Ra8+ Be8 27. Rxe8+
Kf7 28. Ra8 Rb3 29. Rxa4 Rxd3 30. Kf1 Rb3 31. Ke2 g5 32. Nd2 Rb2 33. Ra7+ Kg6
34. a4 Ra2 35. a5 h5 36. a6 g4 37. hxg4 hxg4 38. Ra8 Kg7 39. a7 Kh7 40. Kd3 Ra3+
41. Kc4 Ra4+ 42. Kb5 Ra2 43. Nc4 Ra1 44. Kb6 Rb1+ 45. Kc7 Ra1 46. Kb7 Rb1+ 47.
Nb6 Rd1 48. Rc8 Ra1 49. a8=Q Rxa8 50. Nxa8 Kg6 51. Nb6 Kg5 52. g3 f5 53. Rg8+
Kf6 54. Rf8+ Kg6 55. Rxf5 1-0

[Event "Women's Speed Chess Q2"]
[Site "chess.com INT"]
[Date "2021.05.29"]
[Round "2"]
[White "Papp, Petra"]
[Black "Morris-Suzuki, Sophie"]
[Result "0-1"]
[WhiteTitle "WGM"]
[BlackTitle "WFM"]
[WhiteElo "2336"]
[BlackElo "2043"]
[WhiteFideId "739049"]
[BlackFideId "30922615"]
[EventDate "2021.05.29"]

1. e4 c5 2. Nf3 e6 3. d4 cxd4 4. Nxd4 a6 5. c4 Qc7 6. Nc3 Nf6 7. a3 b6 8. Be3
Bb7 9. f3 d6 10. Be2 Be7 11. O-O O-O 12. Qd2 h5 13. Rfc1 h4 14. b4 Nbd7 15. Bf1
h3 16. g3 Rac8 17. Bxh3 Ne5 18. Bf1 Rfe8 19. Na4 Bd8 20. Qf2 Qb8 21. c5 bxc5 22.
bxc5 d5 23. Rab1 Qa8 24. exd5 Bxd5 25. Be2 Bc7 26. Nb6 Bxb6 27. cxb6 Qb7 28. Bf4
Nfd7 29. Nb3 Rxc1+ 30. Nxc1 Bxf3 31. Rb3 Bd5 32. Rb1 Ng6 33. Nd3 e5 34. Be3 Be4
35. h4 Ne7 36. Rb4 Nf5 37. Nc5 Nxc5 38. Bxc5 Rd8 39. Bxa6 Rd1+ 40. Kh2 Rh1# 0-1

[Event "Women's Speed Chess Q2"]
[Site "chess.com INT"]
[Date "2021.05.29"]
[Round "2"]
[White "Shuvalova, Polina"]
[Black "Girya, Olga"]
[Result "1-0"]
[WhiteTitle "IM"]
[BlackTitle "WGM"]
[WhiteElo "2484"]
[BlackElo "2451"]
[WhiteFideId "24171760"]
[BlackFideId "4195752"]
[EventDate "2021.05.29"]

1. e4 c6 2. d4 d5 3. exd5 cxd5 4. Bd3 Nf6 5. c3 Bg4 6. Qb3 Qd7 7. h3 Bh5 8. Bf4
Nc6 9. Nd2 e6 10. Ngf3 Bd6 11. Bxd6 Qxd6 12. O-O O-O 13. Rae1 Nd7 14. Re3 Rab8
15. Rfe1 b5 16. a3 Bg6 17. Bxg6 hxg6 18. Qd1 Na5 19. Ng5 Nc4 20. Nxc4 bxc4 21.
Qg4 Nf6 22. Qh4 Rfe8 23. Rf3 Rb7 24. Ree3 Qd8 25. Re2 Nh5 26. g4 Nf6 27. Rf4 Qb8
28. Re5 Qd8 29. Re2 Qb8 30. Rf3 Qd8 31. Kg2 Qb8 32. Ree3 Qd8 33. Re2 Qb8 34. Re1
Qd8 35. Rf4 Qb8 36. Qg3 1-0

[Event "Women's Speed Chess Q2"]
[Site "chess.com INT"]
[Date "2021.05.29"]
[Round "2"]
[White "Kulkarni, Bhakti"]
[Black "Franco Valencia, Angela"]
[Result "1-0"]
[WhiteTitle "IM"]
[BlackTitle "WIM"]
[WhiteElo "2391"]
[BlackElo "2089"]
[WhiteFideId "5019516"]
[BlackFideId "4403070"]
[EventDate "2021.05.29"]

1. d4 Nf6 2. Nf3 c5 3. e3 e6 4. Bd3 b6 5. O-O Bb7 6. c4 Be7 7. Nc3 d6 8. d5 O-O
9. e4 e5 10. Ne1 Re8 11. g3 Bf8 12. f4 exf4 13. gxf4 Bc8 14. Qf3 a6 15. Qg2 g6
16. a4 Bg7 17. Nf3 Bg4 18. Be3 Bxf3 19. Qxf3 Nbd7 20. Rae1 Nh5 21. Kh1 Rb8 22.
Rg1 Qh4 23. Re2 Nf8 24. Rg4 Qe7 25. e5 dxe5 26. f5 Nf6 27. Bg5 Qd6 28. Bxf6 Qxf6
29. Reg2 e4 30. Nxe4 Rxe4 31. Qxe4 Nd7 32. fxg6 hxg6 33. Rf4 Qd6 34. Re2 Nf6 35.
Qf3 b5 36. Rf2 Nh5 37. Rxf7 Qe5 38. Bxg6 bxc4 39. Bxh5 Rxb2 40. Rf8+ Kh7 41.
Rxb2 Qe1+ 42. Kg2 1-0

[Event "Women's Speed Chess Q2"]
[Site "chess.com INT"]
[Date "2021.05.29"]
[Round "2"]
[White "Agrest, Inna"]
[Black "Zaichenko, Daria"]
[Result "1-0"]
[WhiteTitle "WIM"]
[BlackTitle "WFM"]
[WhiteElo "2285"]
[BlackElo "2104"]
[WhiteFideId "1708830"]
[BlackFideId "4197453"]
[EventDate "2021.05.29"]

1. e4 c5 2. Nf3 Nc6 3. d4 cxd4 4. Nxd4 Nf6 5. Nc3 d6 6. Bg5 e6 7. Qd2 a6 8.
O-O-O Bd7 9. f3 Be7 10. h4 Qa5 11. Kb1 b5 12. Nb3 Qc7 13. g4 b4 14. Ne2 a5 15.
Ned4 a4 16. Nb5 Qb7 17. Nc1 Ne5 18. Nxd6+ Bxd6 19. Qxd6 Nxf3 20. Bxf6 gxf6 21.
Qf4 Bc6 22. Qxf3 Bxe4 23. Qxf6 Rc8 24. Bb5+ Kf8 25. Qxh8+ Ke7 26. Qe5 f6 27.
Qd6+ Kf7 28. Qd7+ Qxd7 29. Rxd7+ Kg6 30. Re1 Bxc2+ 31. Ka1 e5 32. Bd3+ Bxd3 33.
Nxd3 h5 34. gxh5+ Kxh5 35. Rg1 Kh6 36. Nxb4 f5 37. Nd5 Rc6 38. Ne7 1-0

[Event "Women's Speed Chess Q2"]
[Site "chess.com INT"]
[Date "2021.05.29"]
[Round "2"]
[White "Petrova, Irina"]
[Black "Gaponenko, Inna"]
[Result "1-0"]
[WhiteTitle "WIM"]
[BlackTitle "IM"]
[WhiteElo "2110"]
[BlackElo "2357"]
[WhiteFideId "14124122"]
[BlackFideId "14101181"]
[EventDate "2021.05.29"]

1. e4 g6 2. d4 Bg7 3. Nc3 d6 4. Be3 a6 5. h4 Nf6 6. a4 Ng4 7. Bg5 h6 8. Bf4 Nc6
9. Be2 e5 10. dxe5 dxe5 11. Qxd8+ Nxd8 12. Bg3 Be6 13. O-O-O h5 14. Nf3 Nc6 15.
Ng5 Bh6 16. Kb1 Rd8 17. Nd5 Rc8 18. Bxg4 Bxg4 19. Nf6+ Ke7 20. Nd5+ Kf8 21. f3
Be6 22. Nxe6+ fxe6 23. Nc3 Ke7 24. Ne2 Bg7 25. c3 Rcd8 26. Kc2 Rxd1 27. Rxd1 Rd8
28. Rxd8 Nxd8 29. Nc1 Nc6 30. Nd3 Kd6 31. b4 Bf6 32. Kb3 Ne7 33. Nc5 b6 34. Nd3
Nc6 35. Bf2 1-0

[Event "Women's Speed Chess Q2"]
[Site "chess.com INT"]
[Date "2021.05.29"]
[Round "2"]
[White "Buksa, Nataliya"]
[Black "Sukandar, Irine Kharisma"]
[Result "1-0"]
[WhiteTitle "IM"]
[BlackTitle "IM"]
[WhiteElo "2414"]
[BlackElo "2413"]
[WhiteFideId "14123622"]
[BlackFideId "7101937"]
[EventDate "2021.05.29"]

1. e4 e5 2. Nf3 d6 3. Nc3 Nf6 4. d4 exd4 5. Nxd4 Be7 6. Bc4 O-O 7. O-O c5 8. Nf5
Bxf5 9. exf5 Nc6 10. g4 Ne5 11. Be2 d5 12. f4 Nc6 13. g5 Ne4 14. Nxd5 Nd4 15.
Nxe7+ Qxe7 16. Bd3 c4 17. Bxc4 Nxf5 18. Qd5 Ned6 19. Bd3 g6 20. Bd2 Rad8 21.
Rae1 Qc7 22. Bc3 Qb6+ 23. Kh1 Ne3 24. Qe5 Qc6+ 25. Be4 Qxe4+ 26. Qxe4 Nxe4 27.
Rxe3 Nxc3 28. Rxc3 Rd7 29. Kg2 Re8 30. Rf2 Re4 31. Kg3 Kg7 32. h3 h6 33. h4 hxg5
34. hxg5 Re1 35. Kf3 Rb1 36. b3 Rh1 37. Kg2 Re1 38. a4 a6 39. Rc5 Re4 40. Kf3
Rdd4 41. Kg4 Re1 42. Rc7 Rg1+ 43. Kf3 Rb4 44. Ke3 Re1+ 45. Kd3 1-0

[Event "Women's Speed Chess Q2"]
[Site "chess.com INT"]
[Date "2021.05.29"]
[Round "2"]
[White "Nguyen, Hong Anh"]
[Black "Shvedova, Alexandra"]
[Result "1/2-1/2"]
[WhiteTitle "WIM"]
[BlackTitle "WFM"]
[WhiteElo "1993"]
[BlackElo "1976"]
[WhiteFideId "12406732"]
[BlackFideId "54154782"]
[EventDate "2021.05.29"]

1. d4 d5 2. c4 e6 3. Nf3 Nf6 4. g3 dxc4 5. Bg2 Bb4+ 6. Bd2 a5 7. O-O O-O 8. Qc2
Bxd2 9. Nbxd2 b5 10. a4 c6 11. Ne5 Nd5 12. b3 c3 13. Ne4 b4 14. Nc5 Qc7 15. Rfd1
Nd7 16. Nexd7 Bxd7 17. e4 Nf6 18. Qe2 e5 19. Qc4 exd4 20. Rxd4 Rad8 21. h3 Bc8
22. Re1 Rxd4 23. Qxd4 Rd8 24. Qc4 Rd2 25. e5 Nd5 26. e6 Bxe6 27. Nxe6 fxe6 28.
Rxe6 Qf7 29. Re2 Rxe2 30. Qxe2 g6 31. Qc4 Qe6 32. Be4 Kg7 33. Kg2 h6 34. Qd4+
Qf6 35. Qc5 Qe6 36. Bf3 Ne7 37. Qd4+ Qf6 38. Qc4 Qf7 39. Qd4+ Qf6 40. Qc4 Qf7
41. Qc5 Qf6 42. Be4 Qe6 43. Bf3 Qf6 44. Qc4 1/2-1/2